American Cities in Civilization 6 Map Quiz - Statistics

General Stats
  • This quiz has been taken 54 times
  • The average score is 34 of 40
Answers on the Map
Answers color-coded by a green-red scale on the quiz's map according to % correct below.
 
Answer Stats
Answer % Correct
New York
100%
Boston
98%
Houston
96%
Los Angeles
96%
New Orleans
96%
Philadelphia
96%
San Francisco
96%
Seattle
96%
Washington
96%
Buffalo
94%
Chicago
94%
Denver
94%
Detroit
94%
Las Vegas
94%
Miami
94%
Phoenix
94%
Portland
94%
San Diego
94%
Cleveland
92%
Atlanta
90%
Baltimore
90%
Dallas
90%
Jacksonville
90%
Minneapolis
90%
Pittsburgh
88%
Providence
88%
St. Louis
88%
Nashville
86%
Albuquerque
84%
Cincinnati
84%
Kansas City
82%
San Antonio
82%
Boise
80%
San Jose
80%
Charleston
78%
San Juan
72%
Richmond
66%
Springfield
54%
Centralia
10%
Sparks
6%
No matching quizzes found
Score Distribution
Percent of People with Each Score
Percentile by Number Answered
Your Score History
You have not taken this quiz